{"text_format":"3","workbook":"xlsx","n_sheets":1,"sheets":["控制价"],"read":"whole","date_system":"1900"}

{"sheet":"控制价","index":0,"n_rows":70,"n_cols":9,"rows_kept":70,"merged":[[0,0,0,8],[39,8,40,8],[68,0,68,3],[69,0,69,8]]}
["招标清单"]
["项目","项目名称、规格及说明","单位","数量","控制价单价\n（含税)","控制价合价\n(含税）","报价单价\n（含税)","报价合价\n(含税）","厂商规格说明或备注"]
[null,"地面工程"]
[1,"提供及安装地面800*800地砖\n（不包含地砖主材）","㎡",{"$f":"254-14-10","v":230},55.25,12707.5,null,null,"材料说明：拉法基或二郎山325R水泥，中砂。工艺流程：清理基层--抄平放线--基层抹灰--排版--粘贴--养护--填缝。（800mm*800mm地砖主材详见主材清单）"]
[2,"提供及安装地面400*400地砖\n（不包含地砖主材）","㎡",24,55.25,1326,null,null,"材料说明：拉法基或二郎山325R水泥，中砂。工艺流程：清理基层--抄平放线--基层抹灰--排版--粘贴--养护--清理。（400mm*400mm地砖主材详见主材清单）"]
[3,"提供及安装卫生间地面防水工程","㎡",{"$f":"D5+(13+9+15)*0.5","v":42.5},22.1,939.25,null,null,"1、材料说明：国标300K丙纶防水。2、施工要求：卫生间高度：0.5m，门口须翻边。3、卫生间工艺流程：沉箱防水基层处理——闭水试验——回填找平——丙纶施工——管口柔性防水涂刷。4、工艺标准：基层平整，密实，防水层厚度均匀、达标，无遗漏，闭水试验48小时无渗漏。"]
[4,"提供及安装防水层水泥砂浆保护层（卫生间）","㎡",{"$f":"D6","v":42.5},10.2,433.5,null,null,"配置说明：全包，水泥砂浆厚度2cm内。材料说明：拉法基或二郎山325R水泥，中砂。工艺流程：调和砂浆——弹线定位——砂浆找平。工艺标准：大面平整，无空鼓，起泡，砂浆饱满。"]
[5,"提供及安装卫生间（回填深度400mm以内）","㎡",24,106.25,2550,null,null,"材料说明：轻质碳渣、拉法基或二郎山325R水泥，中砂。工艺流程：碳渣回填，水泥砂浆找平，留坡，二次排水工艺。工艺标准：回填饱满。"]
[6,"提供及安装水泥砂浆找平层","㎡",{"$f":"D8","v":24},27.2,652.8,null,null,"配置说明：全包，水泥砂浆厚度2cm内。材料说明：拉法基或二郎山325R水泥，中砂。工艺流程：调和砂浆——弹线定位——砂浆找平。工艺标准：大面平整，无空鼓，起泡，砂浆饱满。"]
[7,"砌筑蹲坑","个",4,85,340,null,null,"红砖+水泥河沙"]
[8,"卫生间原底部第一遍防水","㎡",{"$f":"D6","v":42.5},22.1,939.25,null,null,"1、材料说明：国标300K丙纶防水。2、施工要求：卫生间高度：0.5m，门口须翻边。3、卫生间工艺流程：沉箱防水基层处理——闭水试验——回填找平——丙纶施工——管口柔性防水涂刷。4、工艺标准：基层平整，密实，防水层厚度均匀、达标，无遗漏，闭水试验48小时无渗漏。"]
[9,"提供地砖美缝处理","㎡",{"$f":"D4+D5","v":254},12.75,3238.5,null,null,"工艺说明：专用美缝处理"]
[10,"提供及安装不锈钢踢脚线","m",165,29.75,4908.75,null,null,"阻燃板基层+60mm拉丝不锈钢踢脚线"]
[null,"隔间墙工程"]
[11,"新做轻质加气块墙体（含预留门洞，厚度100）","㎡",{"$f":"6.2*3.85*4+(3.2+3.4+4.9+3.38)*3.85+(2.1*2+2.7+1)*3.85","v":{"v":183.183,"d":"183.18"}},97.75,{"v":17906.13825,"d":"17906.14"},null,null,"材料说明：拉法基或二郎山325R水泥，轻质加气块、砌筑砂浆。工艺流程：抄平放线--砌筑墙体--与结构柱或者原砌体相交处做钢丝网加强措施--双面挂网抹抗裂砂浆。"]
[12,"新增门过梁","m",3,83.3,249.9,null,null,"成品过梁"]
[13,"卫生间底部反坎","m",{"$f":"2.1*2+2.7+1+1.6","v":9.5},127.5,1211.25,null,null,"卫生间底部反坎"]
[14,"提供及安装钢化玻璃高隔断(H=2400）","㎡",{"$f":"16.25*2.4+(3.3+2.7+2.7)*2.4","v":59.88},323,19341.24,null,null,"材料说明：定制玻璃隔断（含12mm钢化玻璃)"]
[15,"玻璃隔断上方轻钢龙骨+钢架+石膏板隔墙","㎡",{"$f":"16.25*0.6+(3.3+2.7+2.7+2.7+2)*0.6","v":17.79},221,3931.59,null,null,"石膏板+钢架"]
[null,"立面木作及饰面工程"]
[16,"提供及安装墙面400*800墙砖铺贴（卫生间，不包含墙砖主材）","㎡",{"$f":"(13+9)*2.4+15*2.8","v":94.8},57.8,5479.44,null,null,"材料说明：拉法基325R水泥，中砂。工艺流程：清理基层--抄平放线--基层抹灰--排版--粘贴--养护--填缝。（400mm*800mm墙砖主材详见主材清单）"]
[17,"提供及安装卫生间墙面防水工程","㎡",{"$f":"(13+9)*1+15*1","v":37},22.1,817.7,null,null,"1、材料说明：国标300K丙纶防水。2、施工要求：卫生间高度：0.5m，门口须翻边。3、卫生间工艺流程：沉箱防水基层处理——闭水试验——回填找平——丙纶施工——管口柔性防水涂刷。4、工艺标准：基层平整，密实，防水层厚度均匀、达标，无遗漏，闭水试验48小时无渗漏。"]
[18,"提供及安装防水层水泥砂浆保护层（卫生间）","㎡",{"$f":"D22","v":37},10.2,377.4,null,null,"配置说明：全包，水泥砂浆厚度2cm内。材料说明：拉法基或二郎山325R水泥，中砂。工艺流程：调和砂浆——弹线定位——砂浆找平。工艺标准：大面平整，无空鼓，起泡，砂浆饱满。"]
[19,"提供墙砖美缝处理","㎡",{"$f":"D21","v":94.8},12.75,1208.7,null,null,"工艺说明：清理，专用美缝剂勾缝"]
[20,"喷涂墙面白色乳胶漆\n（含腻子基层）PT-02","㎡",{"$f":"D13*3","v":495},23.8,11781,null,null,"工艺说明：1、原墙面专用界面剂全屋滚涂一遍。2、墙衬、墙平（找平专用）、“找平腻子”满墙找平一遍，新建墙体及墙面开槽处须挂尼龙网处理，顶面石膏板接缝须用牛皮纸处理，阳角处专用护角线。3、“腻子”二遍，打磨——找补——大面顺平。4、立邦底漆.底漆一遍,面漆二遍喷涂。5、不含分色费。6、工艺标准：大面顺平，两米拷尺检验，无气泡、无空鼓、无沙眼。"]
[21,"定制人造石卫生间台面+钢架","m",1.7,552.5,939.25,null,null,"人造石台面+钢架"]
[null,"门窗工程"]
[22,"单开玻璃地弹门M0924地弹簧等五金配件（含拉手、地弹簧、门夹等）","樘",4,425,1700]
[23,"双开玻璃地弹门M1624地弹簧等五金配件（含拉手、地弹簧、门夹等）","樘",4,850,3400]
[24,"定制木门M0821","樘",1,765,765]
[25,"卫生间木门0721","樘",2,765,1530]
[26,"定制卫生间成品隔断","蹲位",4,722.5,2890]
[27,"入口玻璃地弹门不锈钢门套","㎡",{"$f":"(2+2.4*2)*0.3*2","v":4.08},306,1248.48]
[28,"洗手间与过道处不锈钢门套","㎡",{"$f":"(1.5+2.4*2)*0.5","v":3.15},306,963.9]
[null,"主材清单"]
[29,"800*800地砖","㎡",{"$f":"D4*1.05","v":241.5},46.75,11290.125]
[30,"400*400卫生间防滑地砖","㎡",{"$f":"D5*1.05","v":25.2},46.75,1178.1]
[31,"400*800墙砖","㎡",{"$f":"D21*1.05","v":99.54},46.75,4653.495]
[null,"强弱电工程"]
[32,"提供及安装灯具","项",1,4692,4692,null,null,"灯具数量及开关插座数量按照双方确认的深化图纸执行"]
[33,"嵌入式600*600灯盘","套",19,68,1292]
[34,"筒灯","套",40,24.65,986]
[35,"射灯","套",8,29.75,238]
[36,"办公室长条吊灯","套",2,518.5,1037]
[37,"LED灯带","m",40,22.1,884]
[38,"排气扇","套",2,127.5,255]
[39,"提供及安装开关插座面板","项",1,2062.95,2062.95]
[40,"五孔插座","套",90,12.75,1147.5]
[41,"网络插座","套",25,23.8,595]
[42,"扳式暗开关(单控)单联","套",1,12.75,12.75]
[43,"扳式暗开关(单控)双联","套",6,15.3,91.8]
[44,"扳式暗开关(单控)三联","套",8,18.7,149.6]
[45,"扳式暗开关(单控)四联","套",2,23.8,47.6]
[46,"扳式暗开关(双控)双联","套",1,18.7,18.7]
[null,"给排水工程"]
[47,"提供及安装洁具预估","项",1,3785.05,3785.05]
[48,"蹲便器","套",2,216.75,433.5]
[49,"节水箱","套",2,191.25,382.5]
[50,"台上盆","套",2,510,1020]
[51,"台上盆龙头","套",2,323,646]
[52,"小便斗及手动冲水阀","套",1,552.5,552.5]
[53,"角阀","套",{"$f":"2+4","v":6},19.55,117.3]
[54,"拖布池水龙头","个",1,55.25,55.25]
[55,"拖布池","套",1,425,425]
[56,"提供及安装地漏","项",1,153,153]
[null,"其他"]
[57,"家具","项",1,64701.201,64701.201,null,null,"联系现场负责人确认明细"]
[58,"空调（含安装）","项",1,39462.1,39462.1,null,null,"联系现场负责人确认明细"]
["含税合计",{"$nulls":4},{"v":246141.55925,"d":"246141.56"}]
["注：税率为   %"]